| 000 | 01642nam a2200385 i 4500 | ||
|---|---|---|---|
| 001 | 23051 | ||
| 003 | KOSZ 005 | ||
| 005 | 20220322104027.0 | ||
| 008 | 981103s1985 pl a d |001 0 eng | ||
| 015 | _aPB 1986/1170 | ||
| 020 | _a8301023805 | ||
| 040 |
_aWA N _cWA N _dKOSZ 005/HR |
||
| 041 | 1 |
_aeng _afre _ager _aita _aspa _arus _gpol _hpol |
|
| 046 | _k1985 | ||
| 080 | _a621.6(03)=00 | ||
| 100 | 1 |
_aTroskolański, Adam Tadeusz _d(1901-1982) _eAutor |
|
| 245 | 1 | 0 |
_aDictionary of hydraulic machinery : _bin English, German, Spanish, French, Italian and Russian : including an index in Polish / _cAdam Tadeusz Troskolański ; [definitions transl. into English by Jerzy Bachrach]. |
| 246 | 1 |
_iTyt. oryg.: _aMaszyny i urządzenia hydrauliczne : _bpojęcia podstawowe w językach polskim, niemieckim, angielskim, francuskim, rosyjskim, _f1974. |
|
| 260 |
_aWarszawa : _bPWN [Państ. Wydaw. Naukowe] ; _aAmsterdam [etc.] : _bElsevier, _c1985= _bPolish Scientific Publ. _e([Pozn] : _fUAM). |
||
| 300 |
_aXXIII, 789 s. : _brys., wykr., err. ; _c26 cm. |
||
| 380 | _aKsiążki | ||
| 388 | _a1901-2000 | ||
| 388 | _a1945-1989 | ||
| 504 | _aBibliogr. s. 441-447. - Indeksy. | ||
| 650 | 4 | _aHydraulika | |
| 650 | 4 | _aMaszyny i urządzenia hydrauliczne | |
| 650 | 4 | _aTerminologia | |
| 655 | 4 | _aSłownik wielojęzyczny | |
| 655 | 4 | _aSłownik terminologiczny | |
| 658 | _aInżynieria i technika | ||
| 658 | _aJęzykoznawstwo | ||
| 700 | 1 |
_aBachrach, Jerzy _eTłumaczenie |
|
| 856 |
_uhttp://koha.tu.koszalin.pl/cgi-bin/koha/opac-detail.pl?biblionumber=23051 _yKatalog online BPK |
||
| 942 |
_2UKD _cKS |
||
| 999 |
_c23051 _d23051 |
||